NFL Teams By Record 2021-2022 - Statistics

General Stats
  • This quiz has been taken 34 times
  • The average score is 14 of 32
Answer Stats
Record Team % Correct
12-5 Chiefs
70%
13-4 Packers
70%
10-7 Bengals
63%
3-13-1 Lions
63%
13-4 Buccaneers
59%
9-7-1 Steelers
56%
12-5 Titans
56%
9-8 Eagles
52%
10-7 49ers
48%
12-5 Cowboys
48%
3-14 Jaguars
48%
10-7 Raiders
48%
12-5 Rams
48%
4-13 Texans
48%
11-6 Bills
44%
8-9 Browns
44%
4-13 Jets
44%
9-8 Chargers
41%
10-7 Patriots
41%
8-9 Ravens
41%
11-6 Cardinals
37%
4-13 Giants
37%
9-8 Saints
37%
7-10 Broncos
33%
9-8 Colts
33%
7-10 Falcons
33%
7-10 Seahawks
33%
8-9 Vikings
33%
6-11 Bears
30%
9-8 Dolphins
30%
5-12 Panthers
30%
7-10 Washington Football Team
30%
No matching quizzes found
Score Distribution
Percent of People with Each Score
Percentile by Number Answered
Your Score History
You have not taken this quiz